NLSUI OPAC header image

Addressing tipping points for a precarious future / (Record no. 212713)

MARC details
000 -LEADER
fixed length control field 01565cam a2200433 i 4500
001 - CONTROL NUMBER
control field 18047617
005 - DATE AND TIME OF LATEST TRANSACTION
control field 20240918100622.0
008 - FIXED-LENGTH DATA ELEMENTS--GENERAL INFORMATION
fixed length control field 140225s2013 enka b 001 0 eng d
010 ## - LIBRARY OF CONGRESS CONTROL NUMBER
LC control number 2013478363
015 ## - NATIONAL BIBLIOGRAPHY NUMBER
National bibliography number GBB335639
Source bnb
016 7# - NATIONAL BIBLIOGRAPHIC AGENCY CONTROL NUMBER
Record control number 016315545
Source Uk
020 ## - INTERNATIONAL STANDARD BOOK NUMBER
International Standard Book Number 9780197265536 (pbk.)
020 ## - INTERNATIONAL STANDARD BOOK NUMBER
International Standard Book Number 0197265537 (pbk.)
035 ## - SYSTEM CONTROL NUMBER
System control number (OCoLC)ocn839313412
042 ## - AUTHENTICATION CODE
Authentication code lccopycat
050 00 -
-- HM896
-- .A33 2013
245 00 - TITLE STATEMENT
Title Addressing tipping points for a precarious future /
Statement of responsibility, etc. edited by Tim O'Riordan, Tim Lenton.
264 #1 - PRODUCTION, PUBLICATION, DISTRIBUTION, MANUFACTURE, AND COPYRIGHT NOTICE
Place of production, publication, distribution, manufacture Oxford :
Name of producer, publisher, distributor, manufacturer Published for The British Academy, by Oxford University Press,
Date of production, publication, distribution, manufacture, or copyright notice 2013.
300 ## - PHYSICAL DESCRIPTION
Extent xxiv, 347 pages :
Other physical details illustrations (black and white) ;
Dimensions 24 cm.
336 ## -
-- text
-- rdacontent
337 ## -
-- unmediated
-- rdamedia
338 ## -
-- volume
-- rdacarrier
490 1# - SERIES STATEMENT
Series statement British Academy original paperback
504 ## - BIBLIOGRAPHY, ETC. NOTE
Bibliography, etc. note Includes bibliographical references and index.
650 #0 - SUBJECT ADDED ENTRY--TOPICAL TERM
Topical term or geographic name entry element Social stability.
650 #0 - SUBJECT ADDED ENTRY--TOPICAL TERM
Topical term or geographic name entry element Social change.
650 #0 - SUBJECT ADDED ENTRY--TOPICAL TERM
Topical term or geographic name entry element Social evolution.
650 #0 - SUBJECT ADDED ENTRY--TOPICAL TERM
Topical term or geographic name entry element Climatic changes
General subdivision Social aspects.
650 #0 - SUBJECT ADDED ENTRY--TOPICAL TERM
Topical term or geographic name entry element Food security
General subdivision Social aspects.
650 #7 - SUBJECT ADDED ENTRY--TOPICAL TERM
Topical term or geographic name entry element Changement social.
Source of heading or term eclas
650 #7 - SUBJECT ADDED ENTRY--TOPICAL TERM
Topical term or geographic name entry element Changement climatique.
Source of heading or term eclas
650 #7 - SUBJECT ADDED ENTRY--TOPICAL TERM
Topical term or geographic name entry element Sécurité alimentaire.
Source of heading or term eclas
650 #7 - SUBJECT ADDED ENTRY--TOPICAL TERM
Topical term or geographic name entry element Aspects sociaux.
Source of heading or term eclas
700 1# - ADDED ENTRY--PERSONAL NAME
Personal name O'Riordan, Timothy,
Relator term editor of compilation.
700 1# - ADDED ENTRY--PERSONAL NAME
Personal name Lenton, Tim
Fuller form of name (Timothy),
Relator term editor of compilation.
856 ## - ELECTRONIC LOCATION AND ACCESS
Uniform Resource Identifier <a href="https://academic.oup.com/book/14287">https://academic.oup.com/book/14287</a>
Link text Click here to access
906 ## - LOCAL DATA ELEMENT F, LDF (RLIN)
a 7
b cbc
c copycat
d 2
e ncip
f 20
g y-gencatlg
942 ## - ADDED ENTRY ELEMENTS (KOHA)
Source of classification or shelving scheme Dewey Decimal Classification
Koha item type Open Access Books - Publishers
Holdings
Withdrawn status Lost status Source of classification or shelving scheme Damaged status Not for loan Home library Current library Date acquired Total Checkouts Barcode Date last seen Price effective from Koha item type
    Dewey Decimal Classification     NLS NLS 18/09/2024   OABP131 18/09/2024 18/09/2024 Open Access Books - Publishers